[Event "Haarlem Nova College op 1st"]
[Site "Haarlem"]
[Date "2002.07.06"]
[Round "4"]
[White "Zuiderveld, Rens"]
[Black "Preeker, Luc"]
[Result "0-1"]
[WhiteElo "1600"]
[BlackElo "1833"]
[PlyCount "111"]
[EventDate "2002.07.05"]
[EventType "swiss"]
[EventRounds "6"]
[EventCountry "NED"]
[SourceTitle "CBM 089 Extra"]
[Source "ChessBase"]
[SourceDate "2002.09.10"]
[SourceVersion "2"]
[SourceVersionDate "2002.09.10"]
[SourceQuality "1"]

1. e4 e5 2. Nc3 Nc6 3. Bc4 Nf6 4. Nf3 Bc5 5. d3 d6 6. Na4 Bb6 7. Nxb6 axb6 8. a3 0-0 9. c3 h6 10. 0-0 Bg4 11. Re1 Re8 12. h3 Bh5 13. Re3 d5 14. Bb3 Qd7 15. exd5 Nxd5 16. Bxd5 Qxd5 17. Qe1 f5 18. d4 f4 19. Rxe5 Nxe5 20. Nxe5 g5 21. f3 c5 22. Qe4 Rad8 23. Qxd5+ Rxd5 24. Nd3 cxd4 25. c4 Rd6 26. Bd2 Bg6 27. Bb4 Rde6 28. Nf2 Re2 29. Ng4 R8e6 30. Nxh6+ Kh7 31. Ng4 Bc2 32. Kf1 Bd3 33. Kg1 Bxc4 34. Rd1 d3 35. b3 Bb5 36. Nf2 Rc6 37. Ne4 Rcc2 38. Nd2 Bc6 39. Kf1 Kg6 40. Kg1 Kh5 41. Kh1 Bd5 42. Kg1 Rb2 43. Kh1 Bxb3 44. Nxb3 Rxb3 45. Kg1 Rbb2 46. Rxd3 Rxg2+ 47. Kf1 Rgc2 48. Rd7 Rb1+ 49. Be1 Rcc1 50. Re7 Rxe1+ 51. Rxe1 Rxe1+ 52. Kxe1 Kh4 53. Kf2 Kxh3 54. a4 Kh2 55. Kf1 Kg3 56. Ke2 0-1

[Event "Haarlem Nova College op 1st"]
[Site "Haarlem"]
[Date "2002.07.06"]
[Round "2"]
[White "Zuiderveld, Rens"]
[Black "Tuijp, Paul"]
[Result "0-1"]
[WhiteElo "1600"]
[BlackElo "1795"]
[PlyCount "62"]
[EventDate "2002.07.05"]
[EventType "swiss"]
[EventRounds "6"]
[EventCountry "NED"]
[SourceTitle "CBM 089 Extra"]
[Source "ChessBase"]
[SourceDate "2002.09.10"]
[SourceVersion "2"]
[SourceVersionDate "2002.09.10"]
[SourceQuality "1"]

1. e4 e5 2. Nc3 Nf6 3. Bc4 Bc5 4. Nf3 d6 5. d3 Bg4 6. h3 Bh5 7. Bg5 c6 8. g4 Bg6 9. Nh4 b5 10. Bb3 a5 11. a3 Nbd7 12. Qd2 Qb6 13. 0-0 h5 14. Nxg6 fxg6 15. Bxf6 gxf6 16. Be6 Nf8 17. b4 Nxe6 18. bxc5 Qxc5 19. Ne2 hxg4 20. hxg4 Rh4 21. Kg2 Rxg4+ 22. Ng3 Nf4+ 23. Kf3 Rh4 24. Rh1 Rxh1 25. Rxh1 Kd7 26. Ne2 Nxe2 27. Rh7+ Ke6 28. Qxe2 Ra7 29. Rxa7 Qxa7 30. Qf1 Qh7 31. Qe1 Qc7 0-1